000 01348cam a22003614i 4500
003 PE-LiUPU
005 20250731183417.0
008 150625s r 000 0 d
035 _a(Sirsi) a31301
040 _aPE-LiUPU
_bspa
_cPE-LiUPU
_erda
082 0 4 _a709.015694
_bK25
_221
100 1 _aKatzenstein, Hannah,
_eautor.
245 1 0 _aArt in ancient palestine /
_cMichael Avi-Yonah; Hannah Katzenstein; Yoram Tsafrir.
264 1 _aJerusalem :
_bMagnes Press, Hebrew University,
_c1981.
300 _aviii, 404 páginas, 61 páginas de láminas :
_bilustraciones ;
_c25 centímetros
336 _atext
_2rdacontent
337 _aunmediated
_2rdamedia
338 _avolume
_2rdacarrier
526 _aP158
526 _aP146
526 _aP17
526 _aP12
526 _aP06
650 1 4 _aArte Antiguo
_zPalestina.
650 2 4 _aArte paleocristiano
_zPalestina.
650 2 4 _aArte
_zPalestina.
910 _a
942 _2ddc
_cBOOK
949 _a709.015694 K25
_wDEWEY
_c1
_i38005
_lCCODEBUL1
_mBUL
_p00.00
_r0
_sY
_tBOOK
_u2015-06-25
_xBIBLIOTECA
_zUNKNOWN
_0COMPRA
_o.STAFF. Colección General
596 _a1
999 _a709.015694 K25
_wDEWEY
_c38841
_i38005
_f2021-11-11
_g5
_lCCODEBUL1
_mBUL
_r0
_sY
_tBOOK
_u2015-6-25
_xTEOLOGIA
_zUNKNOWN
_0COMPRA
_o.STAFF. Colección General
_d38841
980 _81
_gALBERTO SANCHEZ Responsable de Automatización